[Event "It (cat.6)"]
[Site "masterchessopen.com Wijk aan Zee (Netherlands)"]
[Round "4"]
[White "Portisch Ferenc (HUN)"]
[Black "Kushnir Alla (ISR)"]
[Result "1-0"]
[WhiteElo "2342"]
[BlackElo "2430"]

1.d4 Nf6 2.c4 e6 3.Nc3 Bb4 4.e3 O-O 5.Bd3 d5 6.Nf3 b6 7.O-O Bb7 8.cxd5 exd5
9.Ne5 a6 10.f4 Nbd7 11.Qf3 b5 12.Qh3 Nb6 13.Bd2 Bd6 14.Be1 Ne4 15.Rc1 Qe8
16.Bb1 f6 17.Nd3 Bc8 18.Qf3 Nc4 19.Nc5 Bxc5 20.dxc5 Nxc3 21.Rxc3 c6 22.e4 d4
23.Rd3 Ne3 24.Rxd4 Nxf1 25.Qxf1 a5 26.Rd6 Be6 27.Qd3 f5 28.Bc3 b4 29.Be5 Rc8
30.Qg3 g6 31.Qh4 Rd8 32.Qh6 Rd7 33.h4 {#r} 1-0

[Event "Ch Romania"]
[Site "masterchessopen.com Bucharest (Romania)"]
[Round "2"]
[White "Suba Mihai (ROM)"]
[Black "Mititelu Gheorghe (ROM)"]
[Result "0-1"]
[WhiteElo "2460"]
[BlackElo "2300"]

1.c4 Nf6 2.Nc3 e6 3.Nf3 d5 4.d4 Bb4 5.e3 O-O 6.Bd3 b6 7.O-O Bb7 8.cxd5 exd5
9.Qb3 Bd6 10.Bd2 a6 11.Rac1 Nbd7 12.Bf5 Rb8 13.Rfd1 c5 14.dxc5 bxc5 15.Qc2 g6
16.Bh3 Qe7 17.b3 Ne5 18.Nxe5 Qxe5 19.g3 d4 20.exd4 cxd4 21.Bg2 Bxg2 22.Kxg2
Rbc8 23.Qd3 Ba3 24.Re1 Qf5 25.Qxd4 Bxc1 26.Bxc1 Rfd8 27.Qb6 Rd3 28.Ne2 Qf3+
29.Kg1 Re8 30.Be3 Rdxe3 31.fxe3 Ne4 32.Qb4 Qxe3+ 33.Kh1 {#R} 0-1

[Event "?"]
[Site "masterchessopen.com DDR"]
[Round "0"]
[White "Knaak Rainer (GER)"]
[Black "Liebert Heinz (GER)"]
[Result "1-0"]
[WhiteElo "2510"]
[BlackElo "2247"]

1.d4 Nf6 2.c4 e6 3.Nc3 Bb4 4.e3 O-O 5.Bd3 d5 6.Nf3 b6 7.O-O Bb7 8.cxd5 exd5
9.Ne5 Bd6 10.f4 a6 11.Rf3 Nbd7 12.Rh3 g6 13.Qc2 c5 14.Bd2 Rc8 15.Rf1 cxd4
16.exd4 Ne4 17.Nxd7 Qxd7 18.f5 b5 19.Bxe4 dxe4 20.Bg5 Rfe8 21.Qf2 Bf8 22.Rxh7
Kxh7 23.Qh4+ Kg8 24.Bf6 Bg7 25.Bxg7 f6 26.Qh8+ Kf7 27.fxg6+ Ke7 28.Bxf6+ Kd6
29.Be5+ Kc6 30.Qf6+ {#r} 1-0

[Event "Zt"]
[Site "masterchessopen.com Pula (Croatia)"]
[Round "0"]
[White "Stull Norbert (LUX)"]
[Black "Barle Janez (SLO)"]
[Result "0-1"]
[WhiteElo "2081"]
[BlackElo "2330"]

1.c4 Nf6 2.Nc3 e6 3.Nf3 d5 4.d4 Bb4 5.e3 O-O 6.Bd3 b6 7.O-O Bb7 8.cxd5 exd5
9.a3 Bd6 10.b4 Nbd7 11.Bb2 Re8 12.b5 Ne4 13.Rc1 Re6 14.Ne2 Rh6 15.Ng3 Qf6
16.Qc2 Re8 17.Bxe4 dxe4 18.Ne5 Qe6 19.Rfd1 Bd5 20.Qe2 Nxe5 21.dxe5 Bxe5
22.Bxe5 Qxe5 23.Qc2 c6 24.Qa4 Qb2 25.bxc6 b5 26.Qxa7 Rf6 27.Rf1 Rxf2 28.Rxf2
Qxc1+ 29.Rf1 Qxc6 30.Nf5 Qf6 31.Qc5 Bc4 32.Rd1 g6 33.Nh6+ Kg7 34.Ng4 Qc3
35.Qg5 h5 36.Qh6+ Kg8 37.Nf2 Qxa3 38.Nxe4 Qe7 39.Rd4 Bd3 40.Rxd3 Qxe4 41.Rb3
Qc4 42.Rb1 Qd3 43.Re1 Qd2 {#R} 0-1

[Event "Ch URS (1 liga)"]
[Site "masterchessopen.com Kishinev (Moldova)"]
[Round "0"]
[White "Kuzmin Gennadi P (UKR)"]
[Black "Gulko Boris F (USA)"]
[Result "1-0"]
[WhiteElo "2417"]
[BlackElo "2480"]

1.d4 Nf6 2.c4 e6 3.Nc3 Bb4 4.e3 d5 5.Nf3 O-O 6.Bd3 b6 7.O-O Bb7 8.cxd5 exd5
9.Bd2 Nbd7 10.Rc1 a6 11.Na4 Bd6 12.b4 Ne4 13.Qb3 Ra7 14.Rfd1 Qe7 15.Qb1 f5
16.Nc3 Ndf6 17.Be1 Raa8 18.Ne2 Rae8 19.Rc2 Ng4 20.h3 Nh6 21.Ne5 Bxe5 22.dxe5
Qxe5 23.Qc1 Rc8 24.f3 Qe7 25.Nf4 Nd6 26.Bf1 c6 27.Bc3 Nhf7 28.Bd4 b5 29.Qb2
Nd8 30.g4 fxg4 31.Rg2 Nf5 32.Bc5 Qe8 33.Rxg4 Rf7 34.Bd3 Rcc7 35.Qc2 Bc8 36.Kh1
Qe5 37.Rdg1 Kh8 38.Rg5 Qf6 39.Nh5 Qe6 40.Bxf5 Rxf5 41.Nxg7 {#r} 1-0

[Event "Olympiad"]
[Site "masterchessopen.com Haifa (Israel)"]
[Round "6"]
[White "Donner Jan-Hein (NED)"]
[Black "Tarjan James E (USA)"]
[Result "1-0"]
[WhiteElo "2475"]
[BlackElo "2490"]

1.d4 Nf6 2.c4 e6 3.Nc3 Bb4 4.e3 O-O 5.Bd3 d5 6.Nf3 b6 7.O-O Bb7 8.cxd5 exd5
9.Ne5 Nbd7 10.f4 c5 11.Bd2 Ne4 12.Nxe4 dxe4 13.Bc4 Nxe5 14.fxe5 Bxd2 15.Qxd2
Bd5 16.Ba6 Qg5 17.dxc5 Rfd8 18.Qc3 bxc5 19.Rfd1 Qg6 20.Bf1 Qb6 21.b3 h6 22.Rd2
Be6 23.Rad1 a5 24.Rxd8+ Rxd8 25.Rxd8+ Qxd8 26.a3 Qb6 27.Bc4 Bxc4 28.Qxc4 Kf8
29.Kf2 Kg8 30.Ke1 Qg6 31.g3 Qh5 32.Qxc5 Qxh2 33.b4 Qxg3+ 34.Kd2 Qf2+ 35.Kc3
axb4+ 36.axb4 h5 37.b5 Qe1+ 38.Kc4 Qe2+ 39.Kd5 Qd3+ 40.Kc6 Qd8 41.b6 Qc8+
42.Kb5 Qd7+ 43.Ka6 Qa4+ 44.Qa5 Qc6 45.Ka7 g6 46.b7 Qd7 47.Qc5 Kh7 48.Kb6 {#r}
1-0

[Event "Ch Netherlands (open)"]
[Site "masterchessopen.com Velp (Netherlands)"]
[Round "6"]
[White "Nemet Ivan (SUI)"]
[Black "Bosma Arend (NED)"]
[Result "1-0"]
[WhiteElo "2455"]
[BlackElo "2122"]

1.d4 Nf6 2.c4 e6 3.Nf3 d5 4.Nc3 Bb4 5.e3 O-O 6.Bd3 b6 7.O-O Bb7 8.cxd5 exd5
9.Bd2 Bd6 10.Ne5 Nbd7 11.f4 c5 12.Qf3 Re8 13.g4 Ne4 14.Qh3 Nf8 15.Nxe4 dxe4
16.Nxf7 Kxf7 17.Bc4+ Ke7 18.dxc5 bxc5 19.Rad1 a5 20.Bc3 Ba6 21.Qh4+ Kd7
22.Rxd6+ Kxd6 23.Rd1+ Kc6 24.Rxd8 Rexd8 25.Bxa6 Rd1+ {#r} 1-0

[Event "It"]
[Site "masterchessopen.com Halle (Germany)"]
[Round "3"]
[White "Fernandez Aguado Juan Luis (ESP)"]
[Black "Hort Vlastimil (GER)"]
[Result "0-1"]
[WhiteElo "2314"]
[BlackElo "2620"]

1.d4 Nf6 2.c4 e6 3.Nc3 Bb4 4.e3 O-O 5.Bd3 d5 6.Nf3 b6 7.O-O Bb7 8.a3 Bd6 9.b4
dxc4 10.Bxc4 a5 11.b5 Nbd7 12.Bb2 e5 13.Qe2 Qe7 14.Rfd1 e4 15.Nd2 Rfe8 16.Nf1
Nf8 17.Ng3 g6 18.Re1 Rad8 19.f3 Bxg3 20.hxg3 Ne6 21.f4 h5 22.f5 gxf5 23.Qf2
Ng7 24.Qf4 Ng4 25.Rad1 Rd6 26.d5 Ne5 27.Be2 Rg6 28.Rf1 Rg5 29.Na4 Ng6 30.Qf2
Qd6 {#R} 0-1

[Event "It"]
[Site "masterchessopen.com Kiev (Ukraine)"]
[Round "13"]
[White "Farago Ivan (HUN)"]
[Black "Lerner Konstantin Z (UKR)"]
[Result "0-1"]
[WhiteElo "2510"]
[BlackElo "2515"]

1.d4 d5 2.c4 e6 3.Nc3 Nf6 4.Nf3 Bb4 5.e3 O-O 6.Bd3 b6 7.O-O Bb7 8.cxd5 exd5
9.Ne5 Bd6 10.f4 c5 11.Qf3 Nc6 12.Qh3 g6 13.Bd2 cxd4 14.Nxc6 Bxc6 15.exd4 Ne4
16.Bxe4 dxe4 17.f5 Bc5 18.Be3 Bxd4 19.Rad1 Bxe3+ 20.Qxe3 Qe7 21.Nd5 Bxd5 22.f6
Qc5 23.Qxc5 bxc5 24.Rxd5 Rac8 25.Kf2 c4 26.Rd4 Rb8 27.Rb1 c3 28.b3 Rb6 29.Rxe4
Rxf6+ 30.Ke2 Rd8 31.Ke1 c2 {#R} 0-1

[Event "It (open)"]
[Site "masterchessopen.com Lone Pine (USA)"]
[Round "0"]
[White "Portisch Lajos (HUN)"]
[Black "Petrosian Tigran V (ARM)"]
[Result "0-1"]
[WhiteElo "2630"]
[BlackElo "2620"]

1.d4 Nf6 2.c4 e6 3.Nc3 Bb4 4.e3 O-O 5.Bd3 d5 6.Nf3 b6 7.O-O Bb7 8.a3 Bd6 9.b4
dxc4 10.Bxc4 a5 11.b5 Nbd7 12.Bb2 e5 13.Re1 e4 14.Nd2 Qe7 15.Be2 { ! }
15...Rad8 16.Qc2 ( 16.f3 Rfe8 17.fxe4 Nxe4 18.Ndxe4 Bxe4 19.Nxe4 Qxe4 20.Bf3
Qh4 21.g3 Qg5 ) 16...Rfe8 17.f3 exf3 18.Bxf3 Bxf3 19.Nxf3 Ne4 20.Nxe4 Qxe4
21.Qxe4 Rxe4 22.Nd2 Re6 23.e4 Nc5 24.Nc4 ( { ? } 24.Re2 Na4 25.d5 Re7 (
25...Bc5+ 26.Kf1 Rh6 27.Be5 Re8 28.Bxc7 Nc3 29.Ree1 Rf6+ 30.Nf3 Nxe4 ) 26.Bd4
Bf4 27.Rae1 Bxd2 28.Rxd2 Rxd5 29.exd5 Rxe1+ 30.Kf2 Rc1 31.d6 cxd6 32.Bxb6 Nxb6
33.Rxd6 { = } ) 24...Nxe4 25.Rac1 Bf8 26.Ne5 Nd6 27.a4 f6 28.Nf3 Rxe1+ 29.Nxe1
Rd7 30.Nf3 Nf5 31.Kf2 h5 32.Rc2 g5 33.Rc4 Bd6 34.g3 Kf7 35.Ng1 Ne7 36.Ne2 Nd5
37.Bc1 Ke6 38.Rc2 Kf5 39.Kf3 g4+ 40.Kf2 Rh7 41.Rd2 h4 42.Kg2 Ke4 43.Rd1 Ne3+
44.Bxe3 Kxe3 45.Nc3 h3+ {#R} 0-1

[Event "Ch URS (qual)"]
[Site "masterchessopen.com Beltsy (Moldova)"]
[Round "0"]
[White "Gofshtein Zvulon (ISR)"]
[Black "Salov Valery (RUS)"]
[Result "0-1"]
[WhiteElo "2504"]
[BlackElo "2644"]

1.d4 Nf6 2.c4 e6 3.Nc3 Bb4 4.e3 O-O 5.Bd3 d5 6.Nf3 b6 7.O-O Bb7 8.a3 Bd6 9.Qe2
Nbd7 10.Rd1 Re8 11.b4 a5 12.b5 Qe7 13.cxd5 exd5 14.Bb2 Rad8 15.Qc2 Ne4 16.Qb3
Ndf6 17.Bc1 Ng4 18.Ra2 Ng5 19.h3 Nxf3+ 20.gxf3 Nh2 21.f4 Nf3+ 22.Kg2 Nh4+
23.Kh1 Bc8 24.Rg1 g6 25.Qd1 Kh8 26.f3 Qe6 27.Bf1 Be7 28.Rc2 Nf5 29.e4 Nh4
30.Nxd5 Rxd5 31.exd5 Qxd5 32.Rxc7 Bd6 33.Rc6 Bb7 34.Bc4 Qf5 35.Qf1 Bxc6
36.bxc6 Re1 37.Bd3 Rxf1 38.Bxf5 Rxg1+ 39.Kxg1 Nxf5 40.d5 Ne7 {#R} 0-1

[Event "Ch Northern California"]
[Site "masterchessopen.com Oakland (USA)"]
[Round "6"]
[White "Silman Jeremy D (USA)"]
[Black "Kane George Francis (USA)"]
[Result "1-0"]
[WhiteElo "2383"]
[BlackElo "2300"]

1.d4 Nf6 2.c4 e6 3.Nc3 Bb4 4.e3 O-O 5.Bd3 d5 6.Nf3 b6 7.O-O Bb7 8.cxd5 exd5
9.a3 Bd6 10.b4 a6 11.Qb3 Re8 12.a4 Nc6 13.Ba3 a5 14.Bb5 axb4 15.Bxc6 Bxc6
16.Bxb4 Ne4 17.Rfc1 Bxb4 18.Qxb4 Nxc3 19.Rxc3 Bd7 20.a5 Re6 21.Rca3 Ra6
22.axb6 Rexb6 23.Qc3 Rxa3 24.Qxa3 f6 25.h3 Bf5 26.Nd2 Qb8 27.Qc5 Qb7 28.Qe7
Qb8 29.Ra7 Rc6 30.Qa3 Rc1+ 31.Qxc1 Qxa7 32.Qc6 {#r} 1-0

[Event "It (open)"]
[Site "masterchessopen.com Copenhagen (Denmark)"]
[Round "7"]
[White "Brinck-Claussen Bjorn (DEN)"]
[Black "Pokojowczyk Jerzy (POL)"]
[Result "1-0"]
[WhiteElo "2375"]
[BlackElo "2390"]

1.d4 Nf6 2.c4 e6 3.Nc3 Bb4 4.e3 O-O 5.Bd3 d5 6.Nf3 b6 7.O-O Bb7 8.cxd5 exd5
9.Ne5 Bd6 10.f4 c5 11.Rf3 Nc6 12.Nxd5 Bxe5 13.fxe5 Qxd5 14.exf6 g6 15.Qe1 Ne5
16.dxe5 Qxd3 17.e4 Qxe4 18.Qg3 Rad8 19.Bf4 Qd4+ 20.Rf2 Kh8 21.Qg5 Qe4 22.Bd2
Bc8 23.Rf4 Qe2 24.Qh6 {#r} 1-0

[Event "Ch World (juniors) (under 20)"]
[Site "masterchessopen.com Mexico"]
[Round "0"]
[White "Ehlvest Jaan (USA)"]
[Black "Salov Valery (RUS)"]
[Result "1-0"]
[WhiteElo "2594"]
[BlackElo "2295"]

1.d4 Nf6 2.c4 e6 3.Nc3 Bb4 4.e3 O-O 5.Bd3 d5 6.Nf3 b6 7.O-O Bb7 8.a3 Bd6 9.b4
a5 10.c5 axb4 11.Na4 bxc5 12.dxc5 Rxa4 13.Qxa4 Bxc5 14.axb4 Bd6 15.Be2 e5
16.b5 Ne4 17.Qc2 Nd7 18.Ba3 Re8 19.Ne1 Nb6 20.Bxd6 Nxd6 21.Nd3 d4 22.Nc5 Ba8
23.e4 f5 24.Bd3 fxe4 25.Nxe4 Kh8 26.Rfe1 Nd5 27.Nxd6 cxd6 28.Be4 Rf8 29.Qb3
Nb6 30.Bxa8 Nxa8 31.f3 h6 32.Rac1 Qa5 33.Re2 Qa7 34.Kh1 Nb6 35.h3 Nd7 36.Qe6
Qa3 37.Rc7 d3 38.Qxd7 Qa1+ 39.Kh2 e4 40.Rxe4 d2 41.Re8 {#r} 1-0

[Event "Ch Great Britain"]
[Site "masterchessopen.com Morecambe (England)"]
[Round "6"]
[White "Chandler Murray G (ENG)"]
[Black "Littlewood Paul E (ENG)"]
[Result "0-1"]
[WhiteElo "2530"]
[BlackElo "2435"]

1.d4 Nf6 2.c4 e6 3.Nc3 Bb4 4.e3 O-O 5.Bd3 d5 6.Nf3 b6 7.a3 Bxc3+ 8.bxc3 Ba6
9.cxd5 Bxd3 10.Qxd3 exd5 11.c4 Nc6 12.Bb2 Na5 13.Nd2 c5 14.dxc5 dxc4 15.Qc3
Qd5 16.cxb6 Rfd8 17.bxa7 Rxa7 18.e4 Re7 19.O-O-O Qa8 20.Kb1 Rd3 21.Qc2 Red7
22.e5 Ne8 23.Nf3 Qd5 24.Nd4 Rb7 25.Rxd3 cxd3 26.Qa4 Rb8 27.Ka1 Nc7 28.Rb1 d2
29.Bc3 Rxb1+ 30.Kxb1 Qc4 31.Qc2 Qf1+ {#R} 0-1

[Event "Ch Great Britain"]
[Site "masterchessopen.com Morecambe (England)"]
[Round "8"]
[White "Ellison Derek George (ENG)"]
[Black "Hawksworth John C (ENG)"]
[Result "1-0"]
[WhiteElo "2065"]
[BlackElo "2355"]

1.d4 Nf6 2.c4 e6 3.Nc3 Bb4 4.e3 O-O 5.Bd3 d5 6.Nf3 b6 7.O-O Bb7 8.a3 Bd6 9.b4
dxc4 10.Bxc4 a5 11.b5 Nbd7 12.Re1 e5 13.e4 exd4 14.Qxd4 Ng4 15.Bg5 Bc5 16.Bxd8
Bxd4 17.Nxd4 Rfxd8 18.Bd5 Rab8 19.Bxb7 Rxb7 20.Nc6 Re8 21.f4 Nc5 22.Rad1 Kf8
23.e5 Nh6 24.h3 Nf5 25.Nd5 h5 26.g4 hxg4 27.hxg4 Nh6 28.g5 Nf5 29.Kf2 Nh4
30.Rh1 Ne4+ 31.Ke3 Ng3 32.Rh3 Ngf5+ 33.Kf2 Ng6 34.Rdh1 Nfe7 35.f5 {#r} 1-0

[Event "Match \"]
[Site "masterchessopen.com DDR"]
[Round "0"]
[White "Knaak Rainer (GER)"]
[Black "Spassov Liuben (BUL)"]
[Result "0-1"]
[WhiteElo "2505"]
[BlackElo "2450"]

1.d4 Nf6 2.c4 e6 3.Nc3 Bb4 4.e3 O-O 5.Bd3 d5 6.Nf3 b6 7.a3 Bxc3+ 8.bxc3 dxc4
9.Bxc4 c5 10.O-O Qc7 11.Bd3 Bb7 12.Re1 Be4 13.Bxe4 Nxe4 14.Qd3 Qb7 15.Ne5 Rd8
16.f3 Nf6 17.e4 Nbd7 18.Qe2 cxd4 19.cxd4 Nxe5 20.dxe5 Nd7 21.Bg5 Rdc8 22.f4 b5
23.Rad1 Rc4 24.Qd3 Qb6+ 25.Kh1 Nc5 26.Qf3 Qb7 27.Re2 Nxe4 28.Red2 h6 29.Bh4
Qc6 30.Rd7 Nc3 31.Qxc6 Rxc6 32.R1d6 Rc4 33.g3 Ne4 34.Rd8+ Rxd8 35.Rxd8+ Kh7
36.Be7 Rc2 37.Bb4 Kg6 38.Rd7 Kf5 39.Rd4 Nf2+ 40.Kg2 Ng4+ 41.Bd2 Ne3+ 42.Kf3
Nc4 43.Bb4 a5 44.Be1 Ra2 45.Rd3 g5 46.g4+ Kg6 47.h3 Ra1 {#R} 0-1

[Event "Ch Cleveland"]
[Site "masterchessopen.com Farum (Denmark)"]
[Round "2"]
[White "Pliester Leon (NED)"]
[Black "Trepp Markus (SUI)"]
[Result "1-0"]
[WhiteElo "2300"]
[BlackElo "2375"]

1.d4 Nf6 2.c4 e6 3.Nc3 Bb4 4.e3 O-O 5.Bd3 d5 6.Nf3 b6 7.a3 Bxc3+ 8.bxc3 dxc4
9.Bxc4 c5 10.O-O Qc7 11.Be2 Nbd7 12.Bb2 Bb7 13.c4 Rfe8 14.Qb3 cxd4 15.exd4
Rac8 16.Rac1 Ng4 17.g3 e5 18.Nh4 Ngf6 19.d5 Ne4 20.Qe3 Nd6 21.Rfe1 Qd8 22.Bf1
Ba6 23.c5 Bxf1 24.cxd6 Bc4 25.Nf5 Kh8 26.Ne7 Rc5 27.Bxe5 Nxe5 28.Qxe5 Bb5
29.Rxc5 bxc5 30.Re4 f6 31.Qe6 h6 32.Rh4 Bd3 33.Rg4 Qb8 34.h4 h5 35.Rf4 Rd8
36.Nc6 Qb1+ 37.Kh2 {#r} 1-0

[Event "Olympiad"]
[Site "masterchessopen.com Lucerne (Switzerland)"]
[Round "0"]
[White "Inkiov Ventzislav (BUL)"]
[Black "Maninang Rafaelito (PHI)"]
[Result "1-0"]
[WhiteElo "2475"]
[BlackElo "2380"]

1.d4 Nf6 2.c4 e6 3.Nf3 b6 4.Nc3 Bb4 5.e3 O-O 6.Bd3 d5 7.O-O Bb7 8.a3 dxc4
9.Bxc4 Bxc3 10.bxc3 Nbd7 11.Nd2 c5 12.Bd3 Qc7 13.Bb2 e5 14.Rc1 Rfe8 15.Qe2
Rad8 16.e4 Nf8 17.d5 Ng6 18.g3 Bc8 19.f3 Bh3 20.Rf2 h5 21.c4 h4 22.Qe3 Qe7
23.Kh1 Bc8 24.Rg1 Rd6 25.Be2 Kh7 26.Qg5 Rh8 27.gxh4 Kg8 28.f4 Rxh4 29.fxe5
{#r} 1-0

[Event "Olympiad"]
[Site "masterchessopen.com Lucerne (Switzerland)"]
[Round "0"]
[White "Plachetka Jan (SVK)"]
[Black "Csom Istvan (HUN)"]
[Result "1-0"]
[WhiteElo "2388"]
[BlackElo "2505"]

1.d4 Nf6 2.c4 e6 3.Nc3 Bb4 4.e3 O-O 5.Bd3 d5 6.Nf3 b6 7.O-O Ba6 8.Qe2 Nbd7
9.Rd1 Qc8 10.Bd2 Qb7 11.Nxd5 exd5 12.Bxb4 dxc4 13.Bxc4 Bxc4 14.Qxc4 Rfe8
15.Ng5 Qd5 16.Qxd5 Nxd5 17.Be1 f5 18.Rac1 h6 19.Nf3 Re6 20.Ne5 Nxe5 21.dxe5 c6
22.b4 a6 23.a4 b5 24.a5 Rae8 25.Rc5 Rg6 26.Rdc1 Rxe5 27.Rxc6 Ree6 28.Rxe6 Rxe6
29.Rc5 Ne7 30.Kf1 Rc6 31.Rxc6 Nxc6 32.Bc3 Kf7 33.Ke2 g6 34.h3 h5 35.Kf3 Ke6
36.e4 Ne7 37.Kf4 fxe4 38.Kxe4 Nd5 39.Bd2 Nf6+ 40.Kd4 Nd7 41.f3 Ne5 42.Bf4 {#r}
1-0

[Event "Ch Iceland"]
[Site "masterchessopen.com Reykjavik (Iceland)"]
[Round "2"]
[White "Bjarnason Saevar (ISL)"]
[Black "Gudmundsson Elvar (ISL)"]
[Result "1-0"]
[WhiteElo "2129"]
[BlackElo "2316"]

1.d4 Nf6 2.c4 e6 3.Nc3 Bb4 4.e3 O-O 5.Bd3 d5 6.Nf3 b6 7.O-O Bb7 8.cxd5 exd5
9.Ne5 Nbd7 10.f4 c5 11.Bd2 Ne4 12.Nxe4 dxe4 13.Bc4 Nxe5 14.fxe5 Qg5 15.Bc1
cxd4 16.exd4 Qg6 17.Be3 Rad8 18.Qb3 Bd2 19.Rf2 Bxe3 20.Qxe3 b5 21.Bb3 Qb6
22.Raf1 Bd5 23.Rd1 Bxb3 24.axb3 Qc6 25.Re2 f5 26.exf6 Rxf6 27.Qxe4 Qb6 28.Re3
Rfd6 29.d5 a5 30.Kh1 Qc5 31.h3 h6 32.Red3 Qc2 33.R1d2 Qc1+ 34.Kh2 Rf8 35.Qe5
Rdf6 36.d6 Rf1 37.d7 Rh1+ 38.Kg3 Qg1 39.Kh4 Rf4+ 40.Qxf4 {#r} 1-0

[Event "It"]
[Site "masterchessopen.com Asuncion (Paraguay)"]
[Round "13"]
[White "Gamarra Caceres Carlos (PAR)"]
[Black "Trois Francisco R T (BRA)"]
[Result "0-1"]
[WhiteElo "2233"]
[BlackElo "2395"]

1.d4 Nf6 2.c4 e6 3.Nc3 Bb4 4.e3 O-O 5.Bd3 d5 6.Nf3 b6 7.O-O Bb7 8.cxd5 exd5
9.a3 Bd6 10.b4 a6 11.Qb3 Re8 12.a4 Nbd7 13.Ba3 c6 14.Rfe1 a5 15.bxa5 Bxa3
16.Rxa3 Rxa5 17.e4 dxe4 18.Nxe4 Nxe4 19.Bxe4 Nf6 20.Ne5 Re7 21.Raa1 Nxe4
22.Rxe4 Rd5 23.Qe3 f6 24.Nf3 Rxe4 25.Qxe4 Qd7 26.Re1 c5 27.dxc5 Rxc5 {#R} 0-1

[Event "It (open)"]
[Site "masterchessopen.com Oslo (Norway)"]
[Round "0"]
[White "Szymczak Zbigniew (POL)"]
[Black "Pedersen Erik (DEN)"]
[Result "1-0"]
[WhiteElo "2420"]
[BlackElo "2340"]

1.d4 Nf6 2.c4 e6 3.Nc3 Bb4 4.e3 d5 5.Bd3 O-O 6.Nf3 b6 7.O-O Bb7 8.cxd5 exd5
9.Bd2 c5 10.a3 Bxc3 11.Bxc3 c4 12.Bc2 Nbd7 13.Nd2 b5 14.f3 Re8 15.Re1 Qb6
16.Rb1 Qc7 17.e4 h6 18.e5 Nh7 19.f4 a5 20.Qh5 Ndf8 21.f5 f6 22.Nf3 Nd7 23.e6
Ndf8 24.Bd2 Re7 25.Kh1 Bc6 26.Qg4 Kh8 27.Bf4 Qb7 28.Bd6 Ree8 29.e7 Nd7 30.Qh5
Kg8 31.h4 b4 32.axb4 axb4 33.Ra1 b3 34.Rxa8 Qxa8 35.Bb1 Qc8 36.g4 Nb6 37.g5
hxg5 38.hxg5 fxg5 39.Nxg5 Nf6 40.Qf7+ Kh8 {#r} 1-0

[Event "Ch Great Britain"]
[Site "masterchessopen.com Southport (England)"]
[Round "7"]
[White "Flear Glenn C (ENG)"]
[Black "Hawksworth John C (ENG)"]
[Result "1-0"]
[WhiteElo "2471"]
[BlackElo "2355"]

1.d4 Nf6 2.c4 e6 3.Nc3 Bb4 4.e3 O-O 5.Bd3 d5 6.Nf3 b6 7.a3 Bd6 8.e4 dxe4
9.Nxe4 Bb7 10.Bg5 Be7 11.Qc2 Nxe4 12.Bxe4 Bxe4 13.Qxe4 Nd7 14.h4 Nf6 15.Qc2 c5
16.O-O-O cxd4 17.Rxd4 Qc7 18.h5 Rfd8 19.Rxd8+ Rxd8 20.h6 Rc8 21.Rh4 gxh6
22.Bxh6 Qc5 23.Bg5 b5 24.Kb1 bxc4 25.Rh6 Kg7 26.Bxf6+ Kxh6 27.Qd2+ Kg6 28.Ne5+
Kxf6 29.Qf4+ Kg7 30.Qg4+ Kf8 31.Nd7+ Ke8 32.Nxc5 Rxc5 33.Qg8+ Bf8 34.Qxh7 c3
35.Qc2 cxb2 36.Qa4+ Kd8 37.Qxa7 Rc7 38.Qb8+ Ke7 {#r} 1-0

[Event "Tournament (juniors)"]
[Site "masterchessopen.com Yaroslavl (Russia)"]
[Round "0"]
[White "Epishin Vladimir (GER)"]
[Black "Zagrebelny Sergey (UZB)"]
[Result "1-0"]
[WhiteElo "2544"]
[BlackElo "2490"]

1.d4 Nf6 2.Nf3 e6 3.c4 b6 4.Nc3 Bb4 5.e3 O-O 6.Bd3 d5 7.O-O Bb7 8.a3 Bxc3
9.bxc3 dxc4 10.Bxc4 Nbd7 11.Re1 c5 12.Bd3 e5 13.e4 Re8 14.dxe5 Nxe5 15.Nxe5
Rxe5 16.f3 Re7 17.Qc2 Qc7 18.Bc4 h6 19.Be3 Nd7 20.Bf1 Rae8 21.Bf2 Ne5 22.Bg3
Qc8 23.f4 Ng6 24.e5 c4 25.Rad1 h5 26.Qf2 b5 27.Rd4 f6 28.Qd2 fxe5 29.fxe5 Qf5
30.Re2 Nxe5 31.Rf2 Qc8 32.h3 Nf7 33.a4 a6 34.axb5 axb5 35.Bh4 Re4 36.Rd7 Ne5
37.Rxg7+ Kxg7 38.Bf6+ Kh7 39.Qg5 Qd7 40.Qxh5+ Kg8 41.Qh8+ Kf7 42.Bxe5+ {#r}
1-0

[Event "Tournament"]
[Site "masterchessopen.com Espoo (Finland)"]
[Round "0"]
[White "Turunen Erkki O (FIN)"]
[Black "Kanko Ilkka (FIN)"]
[Result "1-0"]
[WhiteElo "2245"]
[BlackElo "2231"]

1.d4 Nf6 2.c4 e6 3.Nc3 Bb4 4.e3 O-O 5.Bd3 d5 6.Nf3 b6 7.O-O Bb7 8.cxd5 exd5
9.Ne5 a6 10.f4 Bd6 11.Qf3 Qe7 12.Bd2 Nbd7 13.Qh3 Rad8 14.Be1 Ne4 15.Bh4 Ndf6
16.Ng4 Qe6 17.Bxf6 gxf6 18.f5 Qe7 19.Bxe4 {#r} 1-0

[Event "Ch Moscow (w)"]
[Site "masterchessopen.com Moscow (Russia)"]
[Round "0"]
[White "Ershova Svetlana (RUS)"]
[Black "Kharkova Elena (RUS)"]
[Result "0-1"]
[WhiteElo "2253"]
[BlackElo "2285"]

1.Nf3 Nf6 2.d4 e6 3.c4 d5 4.Nc3 Bb4 5.e3 O-O 6.Bd3 b6 7.O-O Nbd7 8.a3 Be7 9.b3
Bb7 10.Bb2 h6 11.Ne5 dxc4 12.Nxc4 c5 13.Bc2 Qc7 14.a4 cxd4 15.exd4 Rfd8 16.Qe2
Nb8 17.Rad1 Nc6 18.Nb5 Qb8 19.Bb1 a6 20.Nba3 Qc7 21.Nc2 b5 22.axb5 axb5 23.Ne5
Na5 24.Rfe1 Qb6 25.Rd3 Bd5 26.Na1 Be4 27.Rd2 Bb4 28.Bxe4 Nxe4 29.Qxe4 Bxd2
30.Rd1 Bg5 31.f4 Be7 32.h3 Rac8 33.Kh2 Qb7 34.Qe3 Rc7 35.Re1 Qd5 36.Re2 Rdc8
37.Nf3 Bb4 38.Ne5 Bc3 39.Bxc3 Rxc3 40.Qd2 Nxb3 41.Nxb3 Qxb3 {#R} 0-1

[Event "Ch Finland (team)"]
[Site "masterchessopen.com Finland"]
[Round "0"]
[White "Lako Mika (FIN)"]
[Black "Tanner Heinrich (SUI)"]
[Result "0-1"]
[WhiteElo "2230"]
[BlackElo "2241"]

1.d4 Nf6 2.c4 e6 3.Nc3 Bb4 4.e3 O-O 5.Bd3 d5 6.Nf3 b6 7.O-O Bb7 8.cxd5 Bxc3
9.bxc3 Qxd5 10.c4 Qh5 11.Ne5 Qh4 12.f4 c5 13.f5 Nfd7 14.Rf4 Qg5 15.Nf3 Qe7
16.fxe6 fxe6 17.Bb2 Rxf4 18.exf4 cxd4 19.Bxd4 Nc6 20.Bf2 Rd8 21.Ng5 Nf6 22.Qc2
h6 23.Nf3 Qd6 24.Be2 Qxf4 25.Re1 Ng4 26.Qg6 Nxf2 27.Qxe6+ Kh8 28.Kxf2 Rf8
29.Qg6 Nd4 30.Bd3 Nf5 31.Re7 Bxf3 32.Bxf5 Bh5+ 33.Ke1 Bxg6 34.Bxg6 Qh4+ 35.Kd2
Qxe7 {#R} 0-1

[Event "It"]
[Site "masterchessopen.com Leipzig (Germany)"]
[Round "7"]
[White "Kahn Manfred (GER)"]
[Black "Schatz Dieter (GER)"]
[Result "1-0"]
[WhiteElo "2139"]
[BlackElo "2213"]

1.d4 Nf6 2.c4 e6 3.Nc3 Bb4 4.e3 O-O 5.Bd3 d5 6.Nf3 b6 7.a3 Bd6 8.e4 dxe4
9.Nxe4 Be7 10.Nxf6+ Bxf6 11.Be4 c6 12.Be3 g6 13.h4 Bg7 14.Ne5 Ba6 15.h5 Bxe5
16.dxe5 Qxd1+ 17.Rxd1 Bxc4 18.hxg6 fxg6 19.Rd6 Bd5 20.Bxd5 cxd5 21.g4 a5
22.Rxe6 Nd7 23.Re7 Rf7 24.Rxf7 Kxf7 25.Rxh7+ Ke6 26.f4 Nc5 27.Ke2 Ne4 28.Rg7
g5 29.Rg6+ Kf7 30.f5 Rh8 31.Rxb6 Rh2+ 32.Kd3 a4 33.Kd4 Re2 {#r} 1-0

[Event "It (open)"]
[Site "masterchessopen.com Vienna (Austria)"]
[Round "0"]
[White "Hager Franz (AUT)"]
[Black "Chandler Murray G (ENG)"]
[Result "0-1"]
[WhiteElo "2224"]
[BlackElo "2565"]

1.d4 Nf6 2.c4 e6 3.Nc3 Bb4 4.e3 O-O 5.Bd3 d5 6.Nf3 b6 7.O-O Bb7 8.a3 Bd6 9.b4
dxc4 10.Bxc4 a5 11.b5 Nbd7 12.Bb2 e5 13.h3 e4 14.Nh2 Re8 15.Rc1 Qe7 16.a4 Rad8
17.Qb3 Nf8 18.Kh1 Ng6 19.Ra1 Nh4 20.Ba3 Bc8 21.Ne2 Kh8 22.Bxd6 Rxd6 23.Ng3 Be6
24.Rac1 Qd7 25.Bxe6 Rdxe6 26.Rc2 Nd5 27.Rfc1 f5 28.Ne2 Ng6 29.Nf1 Nge7 30.Nfg3
Rh6 31.Nf4 g5 32.Nxd5 Nxd5 33.Kg1 f4 34.Rc6 Rh4 35.Nf1 f3 36.Ng3 fxg2 37.Kxg2
Qxh3+ 38.Kg1 Rf8 39.Qxd5 Qh2+ {#R} 0-1